00432 a2200157 4500000002100000001000700021005001700028008004100045020001800086082002100104100001500125245007600140260003900216300001000255630000900265BKB 13782120200902153322.0  a9788184502060 a307.140954bG55D1 aGoel, S.L.1 aDevelopment administration : potentialities and prospectscby S.L. Goel aNew DelhibDeep Publicationsc2009 a756p. aPPLG